Na prawie polskim i niemieckim

Titel: Na prawie polskim i niemieckim : kształtowanie się ziemskiej własności szlacheckiej na Pomorzu Gdańskim w XIII-XVI wieku / Michał Targowski ; Polskie Towarzystwo Historyczne
Verfasser:
Veröffentlicht: Warszawa : Wydawnictwo DiG, 2014
Umfang: 211 S. ; 25 cm
Format: Buch
Sprache: Polnisch
Schriftenreihe/
mehrbändiges Werk:
Szlachta i Ziemiaństwo na Ziemiach Dawnej Rzeczypospolitej
Schlagworte:
ISBN: 8371818440 ; 9788371818448
Buchumschlag
X
Lokale Klassifikation: 7 7 B ; 7 13 L
alg: 34368024
001A    $03004:17-07-14 
001B    $01999:09-06-23 $t21:50:10.000 
001C    $06000:09-10-14 $t18:14:42.000 
001D    $03004:26-08-14 
001U    $0utf8 
001X    $00 
002@    $0Aau 
003@    $0343680246 
004A    $083-7181-844-0 
004A    $A978-83-7181-844-8 
006G    $01056990244 
006H    $0TOCNEUA1440 $2DNB 
006U    $014,A41 $f20140827 
007A    $0343680246 $aHEB 
007G    $0DE020B8BB4B5E048BD180C1257D8D004F3A3E 
009P    $qapplication/pdf $A2 $3Inhaltsverzeichnis $uhttp://scans.hebis.de/HEBCGI/show.pl?34368024_toc.pdf $mV:DE-603;B:DE-Mb50 
010@    $apol 
011@    $a2014 
021A    $a@Na prawie polskim i niemieckim $dkształtowanie się ziemskiej własności szlacheckiej na Pomorzu Gdańskim w XIII-XVI wieku $hMichał Targowski ; Polskie Towarzystwo Historyczne 
028A    $71053955227 $8Targowski, Michał$Z1979- [Tp3] $9343779854 
033A    $pWarszawa $nWydawnictwo DiG 
034D    $a211 S. 
034I    $a25 cm 
036G    $aSzlachta i Ziemiaństwo na Ziemiach Dawnej Rzeczypospolitej 
041A    $RMecklenburg-Vorpommern $#Pommern $#Pommern $#Herzogtum Pommern $#Herzogthum Pommern $#Provinz Pommern $#Pomorze $74046744-2 $8Pommern [Tg1] $9085130354 
044K    $RBesitz $REigentum $RGrundstück $RGrundstücksrecht $RGrundeigentümer $#Land tenure $#Real property $#Propriété foncière $#Terres $#Propriété immobilière $#Propiedad rústica $#Grundeigentum $#Grundbesitz $#Bodeneigentum $#Grundbesitz $#Grundstück Eigentum $#Grundstückseigentum $#Liegenschaftseigentum $#Grundvermögen $#Immobiliareigentum $#Landbesitz $#Landeigentum $#Besitzung $74072130-9 $8Grundeigentum [Ts1] $9085202959 
044K    $ROberschicht $RWeiblicher Adel $RAristokratie $#Nobility $#Noblesse $#Nobiltà $#Nobleza $#Adel $#Adel $#Junker $#Junkertum $#Adliger $#Adeliger $#Adlige $#Uradel $74000464-8 $8Adel [Ts1] $9084991682 
045E    $c940 
045F    $a943.82202 $eDDC22ger 
045F/01 $a943.802 
045F/03 $g43822 
045G    $a900.9438209021 $eDDC23BSB 
045G/01 $a900 
045G/03 $f09021 
045G/03 $f0902 
045G/03 $g4382 
045H    $a306.094382 $eDDC23BSB 
045H/01 $a306.09 
045H/03 $g4382 
045R    $aGeschichte 1200-1600 
046M    $aLiteraturverz. S. [194] - 203 

lok: 34368024 24
101B    $031-10-14 $t16:52:03.000 
101C    $031-10-14 
101U    $0utf8 
145Z/01 $a7 7 B 
145Z/02 $a7 13 L 

exp: 34368024 24 1 #EPN
201B/01 $026-08-14 $t13:29:12.000 
201C/01 $017-07-14 
201U/01 $0utf8 
203@/01 $073482887X 
208@/01 $a26-08-14 $bz 
209A/01 $a14.08183 $du $f050 $h14 08183 $x00 
209C/01 $a14.08183 K $h14 08183 K 
209G/01 $a73495644 $x00 
220C/01 $awal 
247C/01 $8358050-7 Marburg, Bibliothek des Herder-Instituts Marburg $9102600961 

lok: 34368024 78

exp: 34368024 78 1 #EPN
201B/01 $007-10-21 $t17:23:28.000 
201C/01 $007-10-21 
201U/01 $0utf8 
203@/01 $01169969453 
208@/01 $a07-10-21 $be 
209A/01 $a/ $f000 $x00 
209A/01 $ab*p $x01 
220C/01 $aeja 
247C/01 $82080>Marburg/Lahn, Herder-Institut, Forschungsbibliothek, Bibliographieportal $9336309341
LEADER 00000cam a2200000 c 4500
001 343680246
003 DE-603
005 20230609215010.0
007 tu
008 140717s2014 xx |||| | u00||u|pol
015 |a 14,A41  |2 dnb 
016 7 |2 DE-101  |a 1056990244 
020 |a 8371818440 
020 |a 9788371818448 
035 |a (DE-599)HEB343680246 
040 |a DE-603  |b ger  |c DE-603  |d DE-603 
041 |a pol 
082 0 4 |8 1\u  |a 943.82202  |q DE-101  |2 22/ger 
083 0 |8 2\u  |a 900.9438209021  |q DE-101  |2 23/BSB 
083 0 |8 3\u  |a 306.094382  |q DE-101  |2 23/BSB 
084 |a 940  |q DE-101  |2 sdnb 
085 |8 1\u  |b 943.802 
085 |8 1\u  |z 2  |s 43822 
085 |8 2\u  |b 900 
085 |8 2\u  |z 1  |s 09021 
085 |8 2\u  |z 1  |s 0902 
085 |8 2\u  |z 2  |s 4382 
085 |8 3\u  |b 306.09 
085 |8 3\u  |z 2  |s 4382 
100 1 |a Targowski, Michał  |d 1979-  |0 (DE-603)343779854  |0 (DE-588)1053955227  |2 gnd 
245 0 0 |a Na prawie polskim i niemieckim  |b kształtowanie się ziemskiej własności szlacheckiej na Pomorzu Gdańskim w XIII-XVI wieku  |c Michał Targowski ; Polskie Towarzystwo Historyczne 
264 1 |a Warszawa  |b Wydawnictwo DiG  |c 2014 
300 |a 211 S.  |c 25 cm 
490 0 |a Szlachta i Ziemiaństwo na Ziemiach Dawnej Rzeczypospolitej 
504 |a Literaturverz. S. [194] - 203 
648 7 |a Geschichte 1200-1600  |2 gnd 
650 7 |a Grundeigentum  |0 (DE-588)4072130-9  |0 (DE-603)085202959  |2 gnd 
650 7 |a Adel  |0 (DE-588)4000464-8  |0 (DE-603)084991682  |2 gnd 
651 7 |a Pommern  |0 (DE-588)4046744-2  |0 (DE-603)085130354  |2 gnd 
856 4 2 |m V:DE-603;B:DE-Mb50  |q application/pdf  |u http://scans.hebis.de/HEBCGI/show.pl?34368024_toc.pdf  |3 Inhaltsverzeichnis 
924 0 |9 Mb 50  |a (DE-603)73482887X  |b DE-Mb50  |c HES  |d c  |g 14.08183 
924 0 |9 2080  |a (DE-603)1169969453  |b DE-2080  |c HES  |d d  |g /